000 00402nam a2200145 a 4500
001 1716
003 CDMR
005 20130116135214.0
008 130130s1968||||||||||||||||||||||||||||d
040 _aCDMR
_bcat
_cCDMR
100 1 _aSoria, José María
_91278
245 1 0 _aIntroducción a la metodología para el estudio del semanario gráfico
_cJosé María Soria
260 _aBarcelona
_c1968
942 _cTSN
999 _c1716
_d1716